History Quiz

Random History or Letter Quiz

'P' American History Quiz Stats

 Plays Quiz Updated Jun 5, 2016

Score 0/20 Timer 07:00
0 Plays Today
Hint Answer % Correct
What civil rights activist refused to give up her seat to a white passenger on a Montgomery bus in 1955?Rosa Parks
97.9%
What author, part of the American Romantic Movement, wrote 'The Raven' in 1845?Edgar Allan Poe
94.9%
What constitutional ban on alcohol remained in place from 1920 to 1933?Prohibition
89.9%
What former governor of Alaska was John McCain's running mate in the 2008 presidential election?Sarah Palin
89.9%
What Quaker founded the colony of Pennsylvania?William Penn
88.9%
What English colony in present-day Massachusetts was founded by Mayflower settlers in 1620?Plymouth
79.9%
What general commanded the seventh and third United States armies in the European theater of WWII?George Patton
79.3%
What Democratic president led the nation to victory during the Mexican-American War?James K. Polk
77.7%
Whose 1776 political pamphlet 'Common Sense' inspired a declaration of independence from Britain?Thomas Paine
76.3%
What volunteer program, which provides assistance to developing countries, was established by President Kennedy in 1961?Peace Corps
74.3%
Hint Answer % Correct
What independent candidate received 18.9% of the vote in the 1992 presidential election?Ross Perot
71.3%
What influential abstract expressionist artist was known for his unique style of drip painting?Jackson Pollock
59.3%
What explorer, for whom a mountain in Colorado is named, traveled throughout the southern portion of the Louisiana Territory?Zebulon Pike
58.2%
What general, known as 'Black Jack', led the American Expeditionary Forces in World War I?Jack Pershing
45.3%
What political party, also known as the Bull Moose Party, was formed by Theodore Roosevelt in 1912?Progressive Party
45.3%
What 1896 Supreme Court case was synonymous with the phrase 'separate but equal'?Plessy v. Ferguson
42.3%
What Confederate general is best remembered for a futile charge during the Battle of Gettysburg?George Pickett
42.2%
What documents detailed the entire history of the US military's involvement in Vietnam from 1945 to 1967?Pentagon Papers
39.6%
What New Hampshire city was the site of the 1905 signing of the treaty ending the Russo-Japanese War?Portsmouth
29.8%
What strike and boycott shut down most of the nation's railroads in the summer of 1894?Pullman Strike
27.7%

You're not logged in!

Compare scores with friends on all Sporcle quizzes.
OR
Log In

Show Comments

Extras

Top Quizzes Today


Score Distribution

Your Account Isn't Verified!

In order to create a playlist on Sporcle, you need to verify the email address you used during registration. Go to your Sporcle Settings to finish the process.

Report this User

Report this user for behavior that violates our Community Guidelines.

Details: